000 00690nam a22002537a 4500
003 UA-OsUOA
001 132598
007 ta
008 20180828b un ||||| |||| 00| 0 ukr d
100 _aМост С.
090 _a821.161.2
_bМ84
942 _cBK
040 _aUA-OsUOA
_bukr
_cUA-OsUOA
_dUA-OsUOA
245 _aБоковой дрейф
_bсборник новелл
300 _a176 с.
955 _a3
041 _aukr
080 _a821.161.2
020 _a978-966-8910-72-2
260 _aК.
_bДуліби
_c2013
650 7 _a82 Література. Літературознавство
_2UDC
999 _c420924
_d420924